Central Library OPAC University of Rajshahi

Readings for opinion : (Record no. 21092)

MARC details
000 -LEADER
fixed length control field 00896cam a22002771 4500
001 - CONTROL NUMBER
control field 21092
003 - CONTROL NUMBER IDENTIFIER
rucl marc code BD-RjUL
005 - DATE AND TIME OF LATEST TRANSACTION
control field 20211209000640.0
008 - FIXED-LENGTH DATA ELEMENTS--GENERAL INFORMATION
fixed length control field 140303s1952 nyua 000 0 eng d
035 ## - SYSTEM CONTROL NUMBER
System control number (BD-RjUL)21156
System control number (OCoLC)689951
040 ## - CATALOGING SOURCE
Original cataloging agency DLC
Transcribing agency OKentU
Modifying agency OCoLC
-- DLC
Language of cataloging eng
041 ## - LANGUAGE CODE
Language code of text/sound track or separate title eng
082 00 - DEWEY DECIMAL CLASSIFICATION NUMBER
Classification number 808
Author mark and year DAR 1952
100 1# - MAIN ENTRY--PERSONAL NAME
Personal name Davis, Earle,
Dates associated with a name 1905-1991,
9 (RLIN) 65184
245 10 - TITLE STATEMENT
Title Readings for opinion :
Remainder of title from literary ideas and attitudes /
Statement of responsibility, etc. by Earle Davis [and] William C. Hummel.
260 ## - PUBLICATION, DISTRIBUTION, ETC. (IMPRINT)
Place of publication, distribution, etc. New York :
Name of publisher, distributor, etc. Prentice-Hall,
Date of publication, distribution, etc. 1952.
300 ## - PHYSICAL DESCRIPTION
Pagination 359 p. :
Illustrations illus. ;
Size 26 cm.
490 0# - SERIES STATEMENT
Series statement Prentice-Hall English composition and introduction to literature series
650 #0 - SUBJECT ADDED ENTRY--TOPICAL TERM
Topical term or geographic name as entry element Students
Geographic subdivision United States.
9 (RLIN) 65185
651 #0 - SUBJECT ADDED ENTRY--GEOGRAPHIC NAME
Geographic name United States
General subdivision Civilization.
9 (RLIN) 65186
700 1# - ADDED ENTRY--PERSONAL NAME
Personal name Hummel, William
942 ## - ADDED ENTRY ELEMENTS (KOHA)
Source of classification or shelving scheme Dewey Decimal Classification
Koha item type Books
Holdings
Lost status Source of classification or shelving scheme Damaged status Not for loan Collection code Permanent Location Current Location Shelving location Date acquired Source of acquisition Total Checkouts Full call number Date last seen Copy number Koha item type
  Dewey Decimal Classification   Added to bundle Non-fiction Central Library, University of Rajshahi Central Library, University of Rajshahi Reading Room 29/09/1959 Asia foundation Gift   808 DAR 1952 03/03/2014 C-1 Books
  Dewey Decimal Classification     Non-fiction Central Library, University of Rajshahi Central Library, University of Rajshahi General Stacks 29/09/1959 Asia foundation   808 DAR 1952 18/05/2025 C-2 Books